Vplyv pandémie Covid 19 na stabilizáciu ľudského kapitálu v podnikoch SR bakalárska práca

Enregistré dans:
Détails bibliographiques
Auteur principal: Pastoreková, Simona
Collectivité auteur: Fakulta podnikového manažmentu EU. Katedra podnikovohospodárska
Autres auteurs: Foltínová, Ľubica, 1975-
Format: Livre
Langue:slovaque
Publié: Bratislava 2024
Tags: Ajouter un tag
Pas de tags, Soyez le premier à ajouter un tag!

MARC

LEADER 00000nbm a2200000 4500
001 0304070
005 20250206092747.9
041 0 |a slo 
044 |a SK 
245 1 0 |a Vplyv pandémie Covid 19 na stabilizáciu ľudského kapitálu v podnikoch SR  |b bakalárska práca  |c Simona Pastoreková ; školiteľ: Ľubica Foltínová 
264 1 |a Bratislava  |c 2024 
300 |a 64 s. 
100 1 |a Pastoreková, Simona 
700 1 |a Foltínová, Ľubica, 1975- 
710 2 |a Fakulta podnikového manažmentu EU. Katedra podnikovohospodárska